书目信息 |
| 题名: |
普通高校竞技体育品牌建设研究
|
|
| 作者: | 任晋军 , 王肖天 编著 | |
| 分册: | ||
| 出版信息: | 上海 上海交通大学出版社 2020.8 |
|
| 页数: | 218页 | |
| 开本: | 24cm | |
| 丛书名: | ||
| 单 册: | ||
| 中图分类: | G812.5 | |
| 科图分类: | ||
| 主题词: | 高等学校--竞技体育--品牌战略--研究--中国 | |
| 电子资源: | ||
| ISBN: | 978-7-313-23334-9 | |
| 000 | 01115nam0 2200253 45 | |
| 001 | 012001004044 | |
| 005 | 20140926103003.0 | |
| 010 | @a978-7-313-23334-9@dCNY58.00 | |
| 100 | @a20200914d2020 em y0chiy0110 ea | |
| 101 | 0 | @achi |
| 102 | @aCN@b310000 | |
| 105 | @ay z 001yy | |
| 106 | @ar | |
| 200 | 1 | @a普通高校竞技体育品牌建设研究@Apu tong gao xiao jing ji ti yu pin pai jian she yan jiu@f任晋军, 王肖天编著 |
| 210 | @a上海@c上海交通大学出版社@d2020.8 | |
| 215 | @a218页@d24cm | |
| 300 | @a山西省高等学校人文社会科学重点研究基地项目“普通高校竞技体育人才培养机制研究” | |
| 330 | @a本书从高校竞技体育品牌的概念入手,通过对当前高校的运动队运作模式及人才培养模式进行归纳,并以系统观的视角论述品牌建设,基于信号理论与错位策略讨论品牌竞争,旨在进一步探寻我国普通高校竞技体育品牌化的路径,为高校管理者、高校高水平运动队组织人员以及高校宣传工作者打造竞技体育品牌提供借鉴。 | |
| 606 | 0 | @a高等学校@x竞技体育@x品牌战略@x研究@y中国 |
| 690 | @aG812.5@v5 | |
| 701 | 0 | @a任晋军@Aren jin jun@4编著 |
| 701 | 0 | @a王肖天@Awang xiao tian@4编著 |
| 801 | @aCN@bAHXH@c20210922 | |
| 905 | @b1329118-22@dG812.5@e158@f5 | |
| 普通高校竞技体育品牌建设研究/任晋军, 王肖天编著.-上海:上海交通大学出版社,2020.8 |
| 218页;24cm |
| 山西省高等学校人文社会科学重点研究基地项目“普通高校竞技体育人才培养机制研究” |
| ISBN 978-7-313-23334-9:CNY58.00 |
| 本书从高校竞技体育品牌的概念入手,通过对当前高校的运动队运作模式及人才培养模式进行归纳,并以系统观的视角论述品牌建设,基于信号理论与错位策略讨论品牌竞争,旨在进一步探寻我国普通高校竞技体育品牌化的路径,为高校管理者、高校高水平运动队组织人员以及高校宣传工作者打造竞技体育品牌提供借鉴。 |
| ● |
| 相关链接 |
|
|
|
|
正题名:普通高校竞技体育品牌建设研究
索取号:G812.5/158
 
预约/预借
| 序号 | 登录号 | 条形码 | 馆藏地/架位号 | 状态 | 备注 |
| 1 | 1329118 | 213291187 | 第一样本阅览室/ [索取号:G812.5/158] | 在馆 | |
| 2 | 1329119 | 213291196 | 教育系资料室/ [索取号:G812.5/158] | 在馆 | |
| 3 | 1329120 | 213291203 | 教育系资料室/ [索取号:G812.5/158] | 在馆 | |
| 4 | 1329121 | 213291212 | 第四借阅区/ [索取号:G812.5/158] | 在馆 | |
| 5 | 1329122 | 213291221 | 第四借阅区/ [索取号:G812.5/158] | 在馆 |